000 00182nam a2200073Ia 4500
008 170620s9999 xx 000 0 und d
100 _aJay shri
245 0 _aMULYA- PARYAVARAN AUR MANAV ADHIKAR KI
260 _bSHIPRA
999 _c26840
_d26840